• 首页
  • 本馆介绍
  • 公告通知
  • 最新文献
  • 馆藏检索
  • 电子资源
  • 读者导购
  • 参考咨询
  • 我的图书馆
  • 登录
  • 详细信息显示
  • 放入我的书架
  • 预约/预借图书
  • 作者相关作品
  • 分类相关作品
  • 丛书相关作品
  • 出版社相关作品

书目信息

  • 表格格式
  • 工作单格式
  • 卡片格式
书名: Human communication
作者: Joseph A. DeVito.
分册号:
分册名:
出版地: Boston :
 
出版社: Allyn and Bacon
出版时间: 2003.
页数: p. cm.
开本:
丛书名:
中图分类号:
科图分类号:
其他分类号: C912
主题词:
电子资源:
000 01117cam a22003378a 450
001 E0739365061
005 20070429105724.90
008 020221s2003 mau b 001 0 eng
010    @a2002023158
020    @a0205353908.
020    @a0-205-36783-6.
035    @a(DLC)2015
035    @a(DLC) 2002023158
040    @aDLC@cDLC
050 00 @aP90@b.D485 2003
082 00 @a302.2@2 21
090    @aC912
099    @dC912@ex76=9
100 1  @aDeVito, Joseph A.,@d1938-
245 10 @aHuman communication :@bthe basic course / @cJoseph A. DeVito.
250    @a9th ed.
260    @aBoston :@bAllyn and Bacon,@c2003.
263    @a0204
300    @ap. cm.
504    @aIncludes bibliographical references and index.
650  0 @aCommunication.
906    @a7@bcbc@corignew@d1@eocip@f20@gy-gencatlg
925 0  @aacquire@b2 shelf copies@xpolicy default
955    @apv07 2002-02-21 to SSCD@clg02 2002-02-25@alg02 2002-02-25 to le03 for subj.@dle03 2002-02-26@ele02 2002-02-26 to Dewey@aaa03 2002-02-27
963    @aSusan McIntyre, 781-407-7734; S.McIntyre@Nesbittgraphics.com
985    @eInterim2002
    
    Human communication : : the basic course / / Joseph A. DeVito.-9th ed.-Boston : : Allyn and Bacon, , 2003.
    p. cm.
    Includes bibliographical references and index.
    
    ISBN 0205353908.
    
●
相关链接 在E读中查询图书 在五车中查询图书 在当当中查询图书 在豆瓣中查询图书


正题名:Human communication     索取号:C912/x76=9         预约/预借

序号 登录号 条形码 馆藏地/架位号 状态 备注
1 6262   300062624   第二样本阅览室/ [索取号:C912/x76=9] 在馆    
2 6263   300062633   第四借阅区/ [索取号:C912/x76=9] 在馆    
唐山师范学院图书馆 欢迎您!
大连网信软件有限公司© 版权所有